Перейти до змісту

Знание и культура предприятия Монография

В монографии исследуется проблема функционирования и развития потенциала культуры предприятия как способа выработки и использования его творческих ресурсов. Предприятие рассматривается как продуктивное совмещение творческого мышления знаний и культуры. В работе показано как реализуя общий интеллекту...

Повний опис

Збережено в:
Бібліографічні деталі
Автор: Бережнов Г.В
Формат: Монография
Редагування:1
Онлайн доступ:https://znanium.com/catalog/document?id=227722
https://znanium.com/cover/0450/450885.jpg
Теги: Додати тег
Немає тегів, Будьте першим, хто поставить тег для цього запису!
LEADER 03508nam0a2200325 i 4500
001 RU\infra-m\znanium\bibl\450885
003 https://znanium.com/catalog/document?id=227722
005 20190807000000.0
010 |a 978-5-394-01584-7 
100 |a 20190807d2013 m y0rusy0150 ca 
101 0 |a rus 
102 |a RU 
200 1 |a Знание и культура предприятия  |e Монография  |f Астраханский государственный университет имени В.Н. Татищева 
205 |a 1 
210 1 |a Москва  |c Издательско-торговая корпорация "Дашков и К"  |d 2011 
215 |a 320 с. 
330 |a В монографии исследуется проблема функционирования и развития потенциала культуры предприятия как способа выработки и использования его творческих ресурсов. Предприятие рассматривается как продуктивное совмещение творческого мышления знаний и культуры. В работе показано как реализуя общий интеллектуальный инновационный и виртуальный уровни культуры развития предприятие формирует стратегическое и функциональное направления своей деятельности. Культура предприятия рассматривается как основа конкурентного преимущества поскольку она составляет специфику или уникальность данной организации а через реализацию определенных ценностей таких как высокий уровень обслуживания потребителей качество новаторство обеспечивает конкурентный потенциал предприятия. Монография может быть полезной руководителям предприятий деловым людям преподавателям аспирантам и студентам экономических вузов слушателям систем переподготовки и повышения квалификации специалистов и руководящих работников. 
333 |a ВО - Магистратура 
606 |a Управление (менеджмент)  |x Организационный и производственный менеджмент  |2 local 
608 |a Монография  |2 local 
675 |a 331  |z rus 
686 |a 6529  |2 rubbk 
686 |a 38.03.02  |2 okso 
686 |a 38.03.03  |2 okso 
686 |a 38.04.02  |2 okso 
686 |a 38.04.03  |2 okso 
700 1 |a Бережнов  |b Г.В.  |g Геннадий Викторович  |p Астраханский государственный университет имени В.Н. Татищева 
801 0 |a RU  |b Общество с ограниченной ответственностью «ЗНАНИУМ»  |c 20131212  |2 rusmarc 
856 4 |a znanium.com  |m ebs_support@infra-m.ru  |n НИЦ ИНФРА-М  |u https://znanium.com/catalog/document?id=227722 
856 4 1 |a znanium.com  |d /cover/0450  |f 450885.jpg  |q image/jpeg  |u https://znanium.com/cover/0450/450885.jpg